000 00785nam a22001577a 4500
999 _c59622
_d59622
005 20230323121238.0
008 230323c2021 ge ||||| |||| 00| 0 geo d
022 _a1512-0481
041 _ageo
245 _aსაქართველოს უზენაესი სასამართლოს გადაწყვეტილებანი /
_bსამოქალაქო საქმეებზე : [ყოველთვიური]. სანივთო სამართალი.
260 _aთბილისი,
_c 2000-
300 _av.
653 _aსაქართველოს უზენაესი სასამართლოს გადაწყვეტილებანი
653 _aპერიოდიკა
942 _2udc
_cCR